000 00672nam a2200205Ia 4500
001 7168
003 GE_BSU
008 181216s||||||||xx |||||||||||||| ||und||
040 _cGE_BSU
080 _a531.8(075.32)
100 _aБорисов,С.И. Зуев,Ф.Г.
245 _aОсновы технической механики и детали механизмов приборов.
245 _bУчебник.
260 _aМ.
260 _bМашиностроение.
260 _c1977.
300 _a341стр.21см.
653 _aОсновы технической механики и детали механизмов приборов.
942 _cBK
999 _c40553
_d40553